|
|
|
|
| LEADER |
00000nam0a2200000 4500 |
| 001 |
1870 |
| 005 |
20231030173430.0 |
| 010 |
|
|
|a 8555540685
|
| 035 |
|
|
|a (RuTPU)RU\TPU\book\1879
|
| 035 |
|
|
|a BOOK00001881
|
| 090 |
|
|
|a 1870
|
| 100 |
|
|
|a 20011209d1996 km y0rusy50 ca
|
| 101 |
0 |
|
|a rus
|
| 102 |
|
|
|a RU
|
| 105 |
|
|
|a a g 000zy
|
| 200 |
1 |
|
|a Полупроводниковые приборы. Диоды выпрямительные, стабилитроны, тиристоры
|e справочник
|f А. Б. Гитцевич [и др.]
|g под ред. А. В. Голомедова
|
| 210 |
|
|
|a Москва
|c КУбК-а
|d 1996
|
| 215 |
|
|
|a 528 с.
|c ил.
|
| 451 |
|
1 |
|0 (RuTPU)RU\TPU\book\7275
|y 8555540685
|t Полупроводниковые приборы. Диоды выпрямительные, стабилитроны, тиристоры
|o справочник
|f А. Б. Гитцевич [и др.]
|g под ред. А. В. Голомедова
|e 2-е изд., стереотип.
|c М.
|n КУбК-а
|d 1997
|p 528 с.
|
| 451 |
|
1 |
|0 (RuTPU)RU\TPU\book\58892
|y 855554-068-5
|t Полупроводниковые приборы. Диоды выпрямительные, стабилитроны, тиристоры
|o справочник
|f А. Б. Гитцевич, А. А. Зайцев, В. В. Мокряков и др.
|g Под ред. А. В. Голомедова
|e 2-е изд., стер.
|c М.
|n КУбК-а
|d 1994
|p 528 с.
|
| 610 |
1 |
|
|a полупроводниковые приборы
|
| 610 |
1 |
|
|a выпрямительные диоды
|
| 610 |
1 |
|
|a стабилитроны
|
| 610 |
1 |
|
|a тиристоры
|
| 610 |
1 |
|
|a матрицы
|
| 610 |
1 |
|
|a справочники
|
| 675 |
|
|
|a 621.382(035)
|v 3
|
| 701 |
|
1 |
|a Гитцевич
|b А. Б.
|
| 701 |
|
1 |
|a Зайцев
|b А. А.
|
| 701 |
|
1 |
|a Мокряков
|b В. В.
|
| 701 |
|
1 |
|a Петухов
|b В. М.
|
| 701 |
|
1 |
|a Хрулев
|b А. К.
|
| 702 |
|
1 |
|a Голомедов
|b А. В.
|4 340
|
| 801 |
|
0 |
|a RU
|b 63413507
|c 20011209
|g PSBO
|
| 801 |
|
2 |
|a RU
|b 63413507
|c 20100818
|g PSBO
|
| 942 |
|
|
|c BK
|